000 00338nam a2200145Ia 4500
100 _aTaylor /John T/ Huang/Quiting
942 _cRB
654 _aElectronics
245 _aCRC Handbook of Electrical fitters
260 _bCRC Press
_aMumbai
_c1997
082 _a621.3815324
_bTAY
300 _a427
546 _aENGLISH
999 _c28539
_d28539